Základy ekonómie a ekonomiky

Gespeichert in:
Bibliographische Detailangaben
1. Verfasser: Hontyová, Kajetána
Weitere Verfasser: Lisý, Ján, Satková, Blanka
Format: Buch
Sprache:Slowakisch
Veröffentlicht: Bratislava Vydavateľstvo Ekonóm 1998
Ausgabe:2. dopl. vyd.
Schlagworte:
Tags: Tag hinzufügen
Keine Tags, Fügen Sie das erste Tag hinzu!

MARC

LEADER 00000nam a2200000 4500
001 c100281
005 20221123133750.0
020 |a 80-225-0943-4 
041 0 |a slo 
044 |a SK 
245 1 0 |a Základy ekonómie a ekonomiky  |c Kajetána Hontyová, Ján Lisý, Blanka Satková 
250 |a 2. dopl. vyd. 
264 1 |a Bratislava  |b Vydavateľstvo Ekonóm  |c 1998 
300 |a 167 s. 
610 2 0 |a ekonómia 
610 2 0 |a trh 
610 2 0 |a ceny 
610 2 0 |a dopyt 
610 2 0 |a konkurencia 
610 2 0 |a pôda 
610 2 0 |a mzdy 
610 2 0 |a úrok 
610 2 0 |a zisk 
610 2 0 |a podnikanie 
610 2 0 |a makroekonomika 
610 2 0 |a vývoj hospodársky 
610 2 0 |a peniaze 
610 2 0 |a inflácia 
610 2 0 |a nezamestnanosť 
610 2 0 |a politika hospodárska 
610 2 0 |a politika fiškálna 
610 2 0 |a rast hospodársky 
610 2 0 |a vzťahy hospodárske medzinárodné 
610 2 0 |a sústava menová 
610 2 0 |a integrácia ekonomická medzinárodná 
610 2 0 |a skúšky prijímacie 
610 2 0 |a Ekonomická univerzita v Bratislave 
100 1 |a Hontyová, Kajetána 
700 1 |a Lisý, Ján 
700 1 |a Satková, Blanka